000 00636nam a2200193 i 4500
001 59561
003 ES-MaACL
005 20230906164045.0
007 t|
008 031029s1947 sp ||||1| spa d
100 1 _aElorrieta, Octavio.
_947087
245 1 0 _aValoración de la tierra /
_cpor Octavio Elorrieta.
260 _aMadrid :
_b[s.n.,
_c1947] (
_fDiana Artes Gráficas)
300 _a429 p. ;
_c24 cm.
500 _aPrecede al tít.: Escuela Especial de Ingenieros de Montes.
650 4 _aSuelo agrícola-
_zEspaña.
_9152028
710 2 _aEscuela Especial de Ingenieros de Montes (Madrid)
_93567
852 _aES-MaACL
_jF-5156
999 _c59561
_d59561